• 首页
  • 本馆介绍
  • 公告通知
  • 最新文献
  • 馆藏检索
  • 电子资源
  • 读者导购
  • 参考咨询
  • 我的图书馆
  • 登录
  • 详细信息显示
  • 放入我的书架
  • 预约/预借图书
  • 作者相关作品
  • 分类相关作品
  • 丛书相关作品
  • 出版社相关作品

书目信息

  • 表格格式
  • 工作单格式
  • 卡片格式
题名:
上海市社区矫正管理标准
    
 
作者: ;上海市社区矫正管理局 编
分册:  
出版信息: 上海   上海人民出版社  2018
页数: 589页
开本: 26cm
丛书名:
单 册:
中图分类: D927.510.67-65 , D927
科图分类:
主题词: 社区--监督改造--标准--上海市
电子资源:
ISBN: 978-7-208-15491-9
000 01031nam0 2200229 450
001 2346286771
005 20231203125147.91
010    @a978-7-208-15491-9@dCNY128.00
100    @a20181120d2018 em y0chiy50 ea
101 0  @achi
102    @aCN@b310000
105    @aak z 000yy
200 1  @a上海市社区矫正管理标准@Ashang hai shi she qu jiao zheng guan li biao zhun@f上海市社区矫正管理局编
210    @a上海@c上海人民出版社@d2018
215    @a589页@c图@d26cm
330    @a本书由上海市社区矫正管理局编撰完成。共包含了社区服务保障体系、服务提供标准体系和服务通用基础标准体系三大类70个标准。内容涉及标准化管理办法、特定区域进入审判规范、个别教育管理规范、议事规范、信息公开规范、社区服刑人员权利保障规范等, 涵盖了社区矫正管理标准的方方面面, 具有较大的指导意义, 因而本书具备较大的出版价值。
606 0  @a社区@x监督改造@x标准@y上海市
690    @aD927.510.67-65@v5
690    @aD927@v4
711 02 @a上海市社区矫正管理局@Ashang hai shi she qu jiao zheng guan li ju@4编
801  0 @aCN@b湖北三新@c20181120
905    @aZUCC@dD927@e8
    
    上海市社区矫正管理标准/上海市社区矫正管理局编.-上海:上海人民出版社,2018
    589页:图;26cm
    
    
    ISBN 978-7-208-15491-9:CNY128.00
    本书由上海市社区矫正管理局编撰完成。共包含了社区服务保障体系、服务提供标准体系和服务通用基础标准体系三大类70个标准。内容涉及标准化管理办法、特定区域进入审判规范、个别教育管理规范、议事规范、信息公开规范、社区服刑人员权利保障规范等, 涵盖了社区矫正管理标准的方方面面, 具有较大的指导意义, 因而本书具备较大的出版价值。
●
相关链接 在五车中查询图书 在当当中查询图书 在豆瓣中查询图书


正题名:上海市社区矫正管理标准     索取号:D927/8         预约/预借

序号 登录号 条形码 馆藏地/架位号 状态 备注
1 2001307778   2001307778   三新/湖北三新(第三批)/894/ [索取号:D927/8] 在馆    
2 2001307779   2001307779   三新/湖北三新(第三批)/894/ [索取号:D927/8] 在馆    
3 2001307780   2001307780   三新/湖北三新(第三批)/894/ [索取号:D927/8] 在馆    
4 2001307781   2001307781   三新/湖北三新(第三批)/894/ [索取号:D927/8] 在馆    
5 2001307782   2001307782   三新/湖北三新(第三批)/894/ [索取号:D927/8] 在馆    
山东省滨州职业学院图书馆 欢迎您!
大连网信软件有限公司© 版权所有